Shopping

Bibliographic Details
Format: Book
Published: London : Dorling Kindersley Book , 1992
Subjects:

MARC

LEADER 00000cam a2200000 7i4500
001 0000005836
002 000006308
005 20000330.0
020 |a 0863186068 
090 0 0 |a J 001   |b FIR 
245 0 0 |a Shopping 
260 |a London :   |b Dorling Kindersley Book ,   |c 1992 
300 |a 17 p. :   |b ill ;   |c 17 cm. 
650 0 0 |a Shopping   |x Juvenile literature 
999 |a 031102   |b BUKU   |c PINJAMAN   |e PERPUSTAKAAN KOMUNITI PETALING JAYA